000 00889nam a2200193 i 4500
001 166579
003 ES-MaACL
005 20230906213348.0
008 931025s1727 fr a |||| | fre d
100 1 _aTournefort, Joseph Pitton de.
_9111143
245 1 0 _aRelation d'un voyage a Levant :
_bfait par ordre du roy... /
_cpar M. Pitton de Tournefort... ; tome troisième.
260 _aA Lyon :
_bchez les freres Bruyset...,
_c1727.
300 _a[4], 404, [60] p., [60] h. de lám., [1] h. de lám. pleg. ;
_c8º.
597 _aSign.: [ ]4, A-Z8, 2A-2B8, 2C2, ¯a8, ¯e8, ¯i8, ¯o6.
599 _aLám: grab. calc.
651 _aGrecia-
_xDescripción.
_98776
651 _aTurquía-
_xDescripción.
_9150889
852 4 _aES-MaACL
_jR-1447-49
_x Olim G-13684-86
_z- Enc. piel
_z- Ex-libris de la Biblioteca Real
_z- Ex-libris del conde de Mansilla al v. de port.
999 _c166579
_d166579